| 000 | 00800nam a22002297a 4500 | ||
|---|---|---|---|
| 005 | 20240530110558.0 | ||
| 008 | 160320s2013 ua a f b 000 0 ara d | ||
| 017 |
_a2012/23108 _bمصر . دار الكتب المصرية |
||
| 020 | _a9789774902000 | ||
| 040 | _aEG-CaGPL | ||
| 082 | 0 | 4 |
_221 _a364.13 _bق/ح أ |
| 100 | 0 | _aحمدى البطران . | |
| 245 | 1 | 2 |
_aالامن من المنصة الى الميدان / _cحمدى البطران . |
| 250 | _aط1. | ||
| 260 |
_aالقاهرة : _bدار العين للنشر ، _c2013 . |
||
| 300 |
_a359 ص ؛ _c24 سم . |
||
| 650 | 0 | 4 | _aالامن القومى . |
| 651 | 0 | 4 |
_aمصر _xالامن القومى . |
| 651 | 0 | 4 |
_aمصر _xتاريخ _yحسنى مبارك . |
| 942 |
_2ddc _cBK |
||
| 999 |
_c62599 _d62599 |
||